00539nam a22001937a 450000500170000001000130001702000100003003500130004003700160005304000120006908200180008110000160009924500610011526000420017627000330021830000240025165000190027565000510029420170124110103.0 aA-351119 c00.00 aA-351119 bCen Lib/Ret aDPLbEN a954.0841bSIN aSingh, V.P. aHistory of freedom movement in India /cby V.P. Singh aBareillybV.K. Publishing Housec1988 a10, Subhash MarketbBareilly aix,257p. c21cm(Hb) aIndian History aBritish Occupation of India (1765-1947)zIndia